Estudio de Opinión Pública Unimer RI - La Nación enero 2002: efectuada entre el 8 y el 11 de enero del 2002 /
Bewaard in:
| Hoofdauteur: | |
|---|---|
| Coauteur: | |
| Andere auteurs: | |
| Formaat: | Texto |
| Gepubliceerd in: |
San José:
Unimer
|
| Onderwerpen: | |
| Tags: |
Voeg label toe
Geen labels, Wees de eerste die dit record labelt!
|
MARC
| LEADER | 00000 a a2200000 04500 | ||
|---|---|---|---|
| 001 | 27909 | ||
| 003 | |||
| 040 | |||
| 090 | |a 186702 |b ENCUESTA | ||
| 100 | |a Paniagua, Carlos G. | ||
| 110 | |a Unimer Research International | ||
| 245 | |a Estudio de Opinión Pública Unimer RI - La Nación enero 2002: efectuada entre el 8 y el 11 de enero del 2002 / |c Carlos G. Paniagua | ||
| 260 | |a San José: |b Unimer | ||
| 300 | |a s.p; 1 vol. |b **no definido** |b fonodiscos | ||
| 650 | |a COMPORTAMIENTO POLITICO | ||
| 650 | |a ELECCIONES | ||
| 650 | |a CUADROS ESTADISTICOS | ||
| 700 | |a García S, Cathalina | ||
| 999 | |c 8012 |d 8012 | ||
